| 000 | 00528pam a2200193 a 4500 | ||
|---|---|---|---|
| 001 | 2978552 | ||
| 005 | 20240220071140.0 | ||
| 008 | 920828s1993 enka b 001 0 eng | ||
| 020 | _a0415091071 | ||
| 020 | _a041509108X (pbk.) | ||
| 040 |
_aDLC _cDLC _dDLC |
||
| 082 | 0 | 0 |
_a321.8 _220 _bANT. |
| 100 | 1 | _aBirch, Harold Anthony. | |
| 245 | 1 | 4 |
_aThe concepts and theories of modern democracy / _cAnthony H. Birch. |
| 260 |
_aLondon ; _aNew York : _bRoutledge, _c1993. |
||
| 300 | _avi, 260 p. : | ||
| 650 | 0 | _aDemocracy. | |
| 942 | _cL | ||
| 999 |
_c442 _d442 |
||